| Tag |
First Indicator |
Second Indicator |
Subfields |
| LEADER |
00000cam a2200000Ii 4500 |
| 001 |
in00004079331 |
| 005 |
20190718165626.0 |
| 008 |
181004t20192019nyu 000 f eng d |
| 020 |
|
|
|a 9781609455132
|q (paperback)
|
| 020 |
|
|
|a 1609455134
|q (paperback)
|
| 035 |
|
|
|a (OCoLC)on1055430646
|
| 040 |
|
|
|a YDX
|e rda
|c YDX
|d BDX
|d UAB
|d UtOrBLW
|
| 041 |
1 |
|
|a eng
|h ita
|
| 043 |
|
|
|a e-it---
|
| 049 |
|
|
|a TXAM
|
| 050 |
|
4 |
|a PQ4863.A3894
|b S4813 2019
|
| 082 |
0 |
|
|a 853.92
|2 23
|
| 100 |
1 |
|
|a Camilleri, Andrea,
|e author.
|
| 240 |
1 |
0 |
|a Setta degli angeli.
|l English
|
| 245 |
1 |
4 |
|a The sect of angels /
|c Andrea Camilleri ; translated by Stephen Sartarelli.
|
| 264 |
|
1 |
|a New York :
|b Europa Editions,
|c [2019]
|
| 264 |
|
4 |
|c ©2019
|
| 300 |
|
|
|a 205 pages ;
|c 21 cm.
|
| 336 |
|
|
|a text
|b txt
|2 rdacontent
|
| 337 |
|
|
|a unmediated
|b n
|2 rdamedia
|
| 338 |
|
|
|a volume
|b nc
|2 rdacarrier
|
| 546 |
|
|
|a Translated from the Italian.
|
| 520 |
|
|
|a Lawyer and journalist Matteo Teresi discovers the existence of a secret sect whose members include priests and politicians. The sect's seedy purpose is to initiate devout virgins into the rites of married life. Preying on their victims naivety, they commit ignominious acts while promising the young women divine grace. In 1901, the scandal breaks nationwide. But far from being hailed as a hero, Teresi is accused of disrupting the social order. A passionately rendered portrait of the machinations of power and the difficult destiny of a local hero.
|
| 650 |
|
0 |
|a Journalists
|z Italy
|v Fiction.
|
| 650 |
|
0 |
|a Secret societies
|z Italy
|v Fiction.
|
| 650 |
|
0 |
|a Scandals
|v Fiction.
|0 http://id.loc.gov/authorities/subjects/sh2008111209
|
| 651 |
|
0 |
|a Italy
|x History
|y 1870-1914
|v Fiction.
|
| 700 |
1 |
|
|a Sartarelli, Stephen,
|d 1954-
|e translator.
|0 http://id.loc.gov/authorities/names/n88191196
|
| 945 |
|
|
|b 44618
|
| 947 |
|
|
|a A14850865784
|
| 948 |
|
|
|a cataloged
|b h
|c 2019/6/19
|d c
|e dmitchel
|f 11:10:20 am
|
| 994 |
|
|
|a 92
|b TXA
|
| 999 |
f |
f |
|s be307e76-94f3-34a5-a61a-ca666499fe82
|i 7fdb4391-fbc7-35de-8caf-a415a8a9de10
|t 0
|
| 952 |
f |
f |
|p normal
|a Texas A&M University
|b College Station
|c Sterling C. Evans Library
|d Evans: Library Stacks
|t 0
|e PQ4863.A3894 S4813 2019
|h Library of Congress classification
|i unmediated -- volume
|m A14850865784
|
| 998 |
f |
f |
|a PQ4863.A3894 S4813 2019
|t 0
|l Evans: Library Stacks
|